Women householders and housing strategies: the case of Gaborone, Botswana (Record no. 61842)

MARC details
000 -LEADER
fixed length control field 00688nam a2200169 a 4500
008 - FIXED-LENGTH DATA ELEMENTS--GENERAL INFORMATION
fixed length control field 120416s1989 ||||||||||||||||| || u
020 ## - INTERNATIONAL STANDARD BOOK NUMBER
International Standard Book Number 9154093392
050 ## - LIBRARY OF CONGRESS CALL NUMBER
Classification number HD 7287.82.B52G3 Lar
100 ## - MAIN ENTRY--PERSONAL NAME
Personal name Larsson, Anita
245 10 - TITLE STATEMENT
Title Women householders and housing strategies: the case of Gaborone, Botswana
260 ## - PUBLICATION, DISTRIBUTION, ETC.
Place of publication, distribution, etc. Stockholm:
Name of publisher, distributor, etc. The National Swedish Institute for Build
Date of publication, distribution, etc. 1989
350 ## - PRICE (NR) (BK AM CF MU VM SE) [OBSOLETE]
Price 0.00
650 ## - SUBJECT ADDED ENTRY--TOPICAL TERM
Topical term or geographic name entry element WOMEN HEADS OF HOUSEHOLDS--BOTSWANA
650 ## - SUBJECT ADDED ENTRY--TOPICAL TERM
Topical term or geographic name entry element WOMEN--HOUSING--BOTSWANA, GABORONE
650 ## - SUBJECT ADDED ENTRY--TOPICAL TERM
Topical term or geographic name entry element HOUSING
995 ## - RECOMMENDATION 995 [LOCAL, UNIMARC FRANCE]
-- 0.00
-- CBU-MAIN LIBRARY (Kitwe)
-- 1
-- 10.00
-- 1
-- AVAILABLE
-- Main Library Open Access Collection
Holdings
Withdrawn status Lost status Source of classification or shelving scheme Damaged status Not for loan Home library Current library Shelving location Date acquired Total Checkouts Full call number Barcode Date last seen Price effective from Koha item type
          CBU-MAIN LIBRARY, KITWE. CBU-MAIN LIBRARY, KITWE.   11/30/2022   HD 7287.82.B52G3 Lar 004367 11/30/2022 11/30/2022 MONOGRAPH